000 01325nam a2200169Ia 4500
005 20250728154344.0
008 250728s9999 xx 000 0 und d
020 _a9781847243423
082 _a951.14032
_bSPE
100 _aSpence, Jonathan D.
245 4 _aThe Death of Woman Wang
260 _bQuercus Books
_c2008
300 _a169 pages
500 _aIn The Death of Woman Wang the award-winning historian Jonathan Spence paints a vivid picture of an obscure time and place: provincial China in the late 17th century. Drawing on a range of sources, including local Chinese histories, the memoirs of scholars and other contemporary writings, Spence reconstructs an extraordinary tale of rural tragedy in a remote corner of the northeastern Chinese province of Shantung. Life in the county of T'an-ch'eng emerges as an endless cycle of floods, plagues, crop failures, banditry and heavy taxation. Against this turbulent background a tenacious tax collector, an irascible farmer, and an unhappy wife act out a poignant drama at whose climax the wife, having run away from her husband, returns to him, only to die at his hands. The Death of Woman Wang not only magnificently evokes the China of the late Ming period, but also deepens our understanding of the China we know today.
650 _aChina
942 _cENGLISH
999 _c577815
_d577815